| 000 | 00593nam a22001937a 4500 | ||
|---|---|---|---|
| 999 |
_c22428 _d22428 |
||
| 003 | OSt | ||
| 005 | 20220613094938.0 | ||
| 008 | 180228s2017 pe 000 0 spa | ||
| 020 | _a9786124246050 | ||
| 040 | _cBiblioteca Municipal de Cusco | ||
| 082 |
_a869.56/A24M1 _bA24M1 |
||
| 100 |
_aAdolph, José B _d1933-2008 _eautor _948137 |
||
| 245 |
_aMañana, las ratas / _cJosé B. Adolph |
||
| 250 | _aPrimera edición | ||
| 260 |
_aLima : _bMinotauro, _c2020. |
||
| 300 |
_a225 páginas, 2 páginas sin numerar. : _c23 cm. |
||
| 650 |
_aNovelas peruanas _ySiglo XX _947961 |
||
| 942 |
_2ddc _cLIBROS |
||